000 00911nmm a2200277 a 4500
001 ocm0001349852
003 TR-IsHL
005 20201028161544.0
008 161016s2013 tu tur
007 cr cn
020 _a9786051314259
035 _a1349852
_b(N$T)
050 0 4 _aGR280
_b.G65
090 0 4 _aGR280
_b.G65
100 1 _aGökduman, Nehir Aydın
245 1 0 _aMoritos adası
_h[electronic resource] /
_cNehir Aydın Gökduman ; resimleyen İbrahim Çiftçi
260 _aİstanbul :
_bNesil Çocuk Yayınları,
_c2013
300 _a81 p.
650 4 _aDil ve Edebiyat
650 4 _aLanguage and Literature
650 0 _aMasallar, Türk
650 0 _aTales, Turkish
650 7 _aJUVENILE FICTION / Fairy Tales & Folklore / General
_2bisacsh
700 1 _aÇiftçi, İbrahim
856 4 0 _uhttp://search.ebscohost.com/login.aspx?direct=true&scope=site&db=e011xww&AN=1349852
999 _c14186
_d14186